Statistics for Countries Angelina Jolie has visited

Click here to take the quiz!

General Stats

  • This quiz has been taken 64 times
  • The average score is 25 of 41

Answer Stats

ContinentCountry% Correct
North AmericaCanada
91%
EuropeFrance
91%
EuropeSpain
91%
EuropeUnited Kingdom
89%
North AmericaUnited States of America
89%
OceaniaAustralia
87%
EuropeItaly
87%
EuropeGermany
85%
Asia/ EuropeRussia
85%
North AmericaMexico
81%
AfricaSouth Africa
72%
EuropeBelgium
70%
AsiaIndia
70%
Asia/ EuropeTurkey
70%
AfricaEgypt
68%
EuropeGreece
68%
AsiaSouth Korea
66%
Europethe Netherlands
66%
AsiaVietnam
64%
AfricaEthiopia
62%
EuropeHungary
62%
North AmericaPanama
60%
South AmericaPeru
60%
North AmericaCosta Rica
57%
AsiaCambodia
55%
South AmericaEcuador
55%
AfricaKenya
53%
AsiaThailand
53%
AsiaPakistan
51%
AsiaSingapore
47%
AsiaBangladesh
43%
EuropeCzech Republic
43%
AsiaJordan
40%
AfricaTunisia
40%
North AmericaHaiti
38%
AsiaLebanon
38%
AfricaNamibia
38%
AsiaQatar
36%
EuropeMalta
21%
EuropeMontenegro
19%
AfricaSeychelles
15%

Score Distribution

Percentile by Number Answered

Percent of People with Each Score

Your Score History

You have not taken this quiz